|
|
|
|
| LEADER |
01753nam a2200433 i 4500 |
| 001 |
EBC5942520 |
| 003 |
MiAaPQ |
| 005 |
20191112063148.0 |
| 006 |
m o d | |
| 007 |
cr cnu|||||||| |
| 008 |
191112s2020 cau o 000 0 eng d |
| 020 |
|
|
|z 9789353287160
|
| 020 |
|
|
|a 9789353287177 (e-book)
|
| 035 |
|
|
|a (MiAaPQ)EBC5942520
|
| 035 |
|
|
|a (Au-PeEL)EBL5942520
|
| 035 |
|
|
|a (OCoLC)1123193444
|
| 040 |
|
|
|a MiAaPQ
|b eng
|e rda
|e pn
|c MiAaPQ
|d MiAaPQ
|
| 043 |
|
|
|a a-ii---
|
| 050 |
|
4 |
|a HD57.7
|b .M363 2020
|
| 082 |
0 |
|
|a 658.4092
|2 23
|
| 100 |
1 |
|
|a Manacha, Sailaja,
|e author.
|
| 245 |
1 |
0 |
|a Step up :
|b women's journey to identity, success and power /
|c Sailaja Manacha ; forewords by Kiran Mazumdar-Shaw and Bob Dunham.
|
| 264 |
|
1 |
|a Los Angeles :
|b Sage,
|c [2020]
|
| 264 |
|
4 |
|c 2020
|
| 300 |
|
|
|a 1 online resource (257 pages).
|
| 336 |
|
|
|a text
|b txt
|2 rdacontent
|
| 337 |
|
|
|a computer
|b c
|2 rdamedia
|
| 338 |
|
|
|a online resource
|b cr
|2 rdacarrier
|
| 490 |
1 |
|
|a Response business books
|
| 588 |
|
|
|a Description based on print version record.
|
| 590 |
|
|
|a Electronic reproduction. Ann Arbor, MI : ProQuest, 2018. Available via World Wide Web. Access may be limited to ProQuest affiliated libraries.
|
| 650 |
|
0 |
|a Leadership
|z India.
|
| 655 |
|
4 |
|a Electronic books.
|
| 700 |
1 |
|
|a Mazumdar-Shaw, Kiran,
|e writer of foreword.
|
| 700 |
1 |
|
|a Dunham, Bob,
|e writer of foreword.
|
| 776 |
0 |
8 |
|i Print version:
|a Manacha, Sailaja.
|t Step up : women's journey to identity, success and power.
|d Los Angeles : Sage, c2020
|h 257 pages
|k Response business books.
|z 9789353287160
|
| 797 |
2 |
|
|a ProQuest (Firm)
|
| 830 |
|
0 |
|a Response business books.
|
| 856 |
4 |
0 |
|u https://ebookcentral.proquest.com/lib/matrademy/detail.action?docID=5942520
|z Click to View
|